| 000 | 01572cam a2200445 i 4500 | ||
|---|---|---|---|
| 001 | 6402 | ||
| 003 | FISKH | ||
| 005 | 20250428161359.0 | ||
| 008 | 200107t20201990nyua b 000 1 eng | ||
| 010 | _a 2020000376 | ||
| 020 |
_a9781338670417 _q(hardcover) |
||
| 020 | _a9780439669375 | ||
| 040 |
_aNJQ/DLC _beng _erda _cDLC _dDLC |
||
| 050 | 0 | 0 | _aPZ8.3.P55867 |
| 082 | 0 | 4 | _a813.54 |
| 100 | 1 |
_aPilkey, Dav, _d1966- _eauthor, _eillustrator. |
|
| 245 | 1 | 0 |
_a'Twas the night before Thanksgiving / _cstory and paintings by Dav Pilkey. |
| 250 | _aFirst Bookself printing, October 2004 | ||
| 260 |
_aNew York : _bScholastic, _c1990. |
||
| 300 |
_a32 unnumbered pages : _bcolor illustrations ; _c21 x 26 cm |
||
| 336 |
_atext _btxt _2rdacontent |
||
| 336 |
_astill image _bsti _2rdacontent |
||
| 337 |
_aunmediated _bn _2rdamedia |
||
| 338 |
_avolume _bnc _2rdacarrier |
||
| 500 | _aOriginally published: New York : Orchard Books, ©1990. | ||
| 505 | _aF | ||
| 520 | _aSchool children on a field trip to Mack Nugget's farm save the lives of eight turkeys in this poem based on "The Night Before Christmas." | ||
| 521 |
_a300
_bLexile estimate |
||
| 521 |
_aF
_bRaz-Plus |
||
| 650 | 0 |
_aTurkeys _vJuvenile fiction. |
|
| 650 | 0 |
_aThanksgiving Day _vJuvenile fiction. |
|
| 650 | 0 | _aStories in rhyme. | |
| 650 | 1 | _aStories in rhyme. | |
| 650 | 1 |
_aTurkeys _vFiction. |
|
| 650 | 1 |
_aThanksgiving Day _vFiction. |
|
| 655 | 7 |
_aStories in rhyme. _2lcgft |
|
| 906 |
_a7 _bcbc _corignew _d1 _eecip _f20 _gy-gencatlg |
||
| 942 |
_2ddc _cBK _n0 |
||
| 999 |
_c6402 _d6402 |
||